| 000 | 00446nam a22001577a 4500 | ||
|---|---|---|---|
| 020 | _a9789380760193 | ||
| 082 |
_aH200 7 _bNIK/S |
||
| 100 |
_aNikhath Nasre Kajhi _946672 |
||
| 245 |
_aSamakaleen natakom mein adhunikatha bhodh/ _cby Nikhath Nasre Kajhi |
||
| 260 |
_aKanpur: _bAthul Prakashan, _c2014. |
||
| 300 | _a184p. | ||
| 650 |
_aDrama Hindi Study _946673 |
||
| 650 |
_aLiterature Hindi _946674 |
||
| 650 |
_aLiterature _946675 |
||
| 942 | _cBK | ||
| 999 |
_c71616 _d71616 |
||